000 00960nam0a22002771 4500
001 rc\2937791
005 20250806211457.0
035 _a(NLR Aleph) 007086796
090 _a51111
_c51111
100 _a20110823d1943 u y0rusy50 ca
101 0 _arus
102 _aRU
105 _aac z |||||
200 1 _aПарашют
_fГ. Котельников
_gПредисл. ген.-м. Г. Громова
210 _aМосква
_aЛенинград
_cДетгиз
_d1943
_eМосква
215 _a125, [3] с.
_cил., портр.
_d19 см
225 1 _aВоенная библиотека школьника
700 1 _aКотельников
_bГ.Е.
_f1872-1944
_gГлеб Евгеньевич
702 1 _aГромов
_bГ.
_4080
801 0 _aRU
_bNLR
_gpsbo
801 1 _aRU
_bELAR
_2rusmarc
852 _aNLR
_jДл02 Г-3/181
942 _cBOOK
945 _aРоссийская национальная библиотека
980 _aNB
980 _aBV